LEADER 00729nac# 22001691i 450 001 UON00501519 005 20231205105416.731 100 $a20191218f |0itac50 ba 102 $aGB 105 $a|||| ||||| 110 $ab|||||||||| 200 1 $aPerformance Philosophy$fLaura Cull O Maiolearca, Alice Lagaay, Will Daddario (series editors) 463 1$1001UON00499378$12001 $aPerforming citizenship$eBodies, Agencies, Limitations$fedited by Paula Hildebrandt, Kerstin Evert, Sibylle Peters, Mirjam Schaub, Kathrin Wildner and Gesa Ziemer$1210 $aLondon$cPalgrave Macmillan$d2019$1215 $aXII, 318 p.$d23 cm. 801 $aIT$bSOL$c20240220$gRICA 912 $aUON00501519 996 $aPerformance Philosophy$92805652 997 $aUNIOR